[Event "RTU Open A"]
[Site "Riga LAT"]
[Date "2011.08.10"]
[Round "2"]
[White "Akesson,R"]
[Black "Klimakovs,S"]
[Result "1/2-1/2"]
[WhiteElo "2429"]
[BlackElo "2231"]

1.d4 d5 2.c4 c6 3.Nc3 Nf6 4.e3 e6 5.Nf3 Nbd7 6.Qc2 Bd6 7.b3 O-O 8.Be2 b6
9.O-O Bb7 10.Bb2 Qc7 11.Rad1 Rae8 12.e4 dxe4 13.Nxe4 Nxe4 14.Qxe4 e5 15.c5 bxc5
16.dxe5 Nxe5 17.Nxe5 Bxe5 18.Bxe5 Qxe5 19.Qxe5 Rxe5 20.Bc4 Rfe8 21.f4 Re4
22.Rd7 R8e7 23.Rxe7 Rxe7 24.f5 Bc8 25.f6 Re4 26.fxg7 Be6 27.Bxe6 Rxe6 28.Rf4 Re2
29.Ra4 c4 30.bxc4 Rc2 31.h3 Kxg7 32.Kh2 Rc3 33.Rxa7 Rxc4 34.Kg3 Kf6 35.a4 Rc3+
36.Kf4 Rc4+ 37.Kf3 Rc3+ 38.Kg4 Rc2 39.g3 Rc4+ 40.Kh5 Rc3 41.Kh4 Ra3 42.Kg4 c5
43.Kf4 c4 44.Ra6+ Kg7 45.a5 c3 46.Rc6  1/2-1/2

[Event "Split Open"]
[Site "Split CRO"]
[Date "2011.08.10"]
[Round "6.28"]
[White "Kostovic,D"]
[Black "Licina,Z"]
[Result "0-1"]
[WhiteElo "1981"]
[BlackElo "2273"]

1.Nf3 d5 2.d4 Nf6 3.c4 e6 4.Nc3 c6 5.e3 Nbd7 6.Bd3 dxc4 7.Bxc4 b5 8.Bd3 Bb7
9.O-O Bd6 10.e4 e5 11.Re1 O-O 12.Bg5 h6 13.Bh4 b4 14.Ne2 c5 15.d5 g5 16.Bg3 c4
17.Bc2 Re8 18.Nd2 Rc8 19.Rc1 a5 20.Bb1 Ba6 21.f3 Bc5+ 22.Bf2 Qb6 23.Bxc5 Nxc5
24.Kh1 Nd3 25.Bxd3 cxd3 26.Ng3 Rxc1 27.Qxc1 Rc8 28.Qb1 Rc2 29.Ngf1 Nh5 30.g3 Qf2
31.Rd1 Nf6 32.Rc1 g4 33.f4 exf4 34.gxf4 g3  0-1

[Event "Baku Open A"]
[Site "Baku AZE"]
[Date "2011.08.11"]
[Round "6"]
[White "Gagunashvili,M"]
[Black "Zhukova,N"]
[Result "1/2-1/2"]
[WhiteElo "2588"]
[BlackElo "2412"]

1.d4 d5 2.c4 c6 3.Nf3 Nf6 4.Nc3 e6 5.e3 Nbd7 6.Qc2 Bd6 7.Bd3 dxc4 8.Bxc4 O-O
9.O-O b5 10.Be2 Bb7 11.e4 e5 12.Rd1 Qc7 13.h3 a6 14.dxe5 Nxe5 15.Bg5 Nxf3+
16.Bxf3 Bh2+ 17.Kh1 Be5 18.Bxf6 gxf6 19.Rd2 Rad8 20.Rad1 Bc8 21.Rxd8 Rxd8
22.Rxd8+  1/2-1/2

[Event "50th World Juniors"]
[Site "Chennai IND"]
[Date "2011.08.11"]
[Round "9.49"]
[White "Ashwath,R"]
[Black "Abhilash,R"]
[Result "1/2-1/2"]
[WhiteElo "2259"]
[BlackElo "2109"]

1.d4 d5 2.Nf3 Nf6 3.c4 c6 4.e3 e6 5.Nc3 Nbd7 6.Qc2 Bd6 7.b3 O-O 8.Be2 b6
9.Bb2 Bb7 10.O-O Qe7 11.Rad1 Rac8 12.Rfe1 c5 13.dxc5 Nxc5 14.Ng5 Nfe4 15.Ngxe4 dxe4
16.a3 Rfd8 17.Nb5 Bb8 18.b4 Nd7 19.Rd2 a6 20.Nc3 f5 21.Red1 Bc7 22.Qb3 f4
23.c5 fxe3 24.fxe3 Nf8 25.c6 Rxd2 26.Rxd2 Bxh2+ 27.Kxh2 Qh4+ 28.Kg1 Qe1+
29.Kh2  1/2-1/2

[Event "50th World Juniors"]
[Site "Chennai IND"]
[Date "2011.08.11"]
[Round "9.40"]
[White "Ikeda,J"]
[Black "Sidhant,M"]
[Result "1-0"]
[WhiteElo "2349"]
[BlackElo "2155"]

1.d4 d5 2.Nf3 Nf6 3.c4 c6 4.Nc3 e6 5.e3 Nbd7 6.Qc2 Bd6 7.g4 Nxg4 8.Rg1 h5
9.h3 Nh6 10.e4 dxe4 11.Qxe4 Nf5 12.Qc2 Nf6 13.Bd3 Bb4 14.Bxf5 exf5 15.Rxg7 Be6
16.Qd3 Ne4 17.Bd2 Nxd2 18.Kxd2 Qf6 19.Rgg1 O-O-O 20.Kc2 f4 21.Ne4 Qe7 22.a3 Bxc4
23.Qxc4 Qxe4+ 24.Qd3 Qxd3+ 25.Kxd3 Ba5 26.Kc4 Bb6 27.Rg7 Rhe8 28.Rxf7 Re2
29.Rf1 Bc7 30.Kc3 Rf8 31.Nh4 Rg8 32.b4 b6 33.a4 c5 34.dxc5 bxc5 35.b5 Re4
36.Nf5 Be5+ 37.Kd3 Rxa4 38.Re1 c4+ 39.Ke4 Bc3 40.Rd1 Bd2 41.Rxd2 c3+ 42.Rd4 c2
43.Nd6+ Kd8 44.Nb7+ Ke8 45.Rc7  1-0

[Event "50th World Juniors"]
[Site "Chennai IND"]
[Date "2011.08.11"]
[Round "9.9"]
[White "Anwesh,U"]
[Black "Sjugirov,S"]
[Result "1/2-1/2"]
[WhiteElo "2429"]
[BlackElo "2629"]

1.d4 d5 2.Nf3 Nf6 3.c4 c6 4.Nc3 e6 5.e3 Nbd7 6.Qc2 a6 7.b3 Bd6 8.Be2 e5 9.Bb2 O-O
10.cxd5 cxd5 11.dxe5 Nxe5 12.O-O Bg4 13.Nxe5 Bxe5 14.Bxg4 Nxg4 15.h3 Nf6
16.Ne2 Rc8 17.Qb1 Qe7 18.Bd4 Bxd4 19.Nxd4 Ne4 20.Qb2 Qf6 21.Rac1 Rc5 22.Rxc5 Nxc5
23.Qc2 Ne6 24.Rd1 g6 25.Qc3 Rd8 26.Qb4 Rd7 27.Rc1 Qd8 28.Rc2 Kg7 29.Qd2 Nxd4
30.Qxd4+ Qf6 31.Rd2 Qxd4 32.Rxd4 Rc7 33.Rxd5 Rc1+ 34.Kh2 Rc2 35.a4 Rxf2 36.Rd7 b5
37.axb5 axb5 38.Rd5 Re2 39.Rxb5  1/2-1/2

[Event "19th Vidmar Mem"]
[Site "Ljubljana SLO"]
[Date "2011.08.11"]
[Round "6"]
[White "Lenic,L"]
[Black "Sebenik,M"]
[Result "1/2-1/2"]
[WhiteElo "2634"]
[BlackElo "2525"]

1.d4 d5 2.c4 c6 3.Nf3 Nf6 4.Nc3 e6 5.e3 Nbd7 6.Bd3 dxc4 7.Bxc4 b5 8.Be2 Bb7
9.O-O Be7 10.e4 b4 11.e5 bxc3 12.exf6 Bxf6 13.bxc3 c5 14.dxc5 O-O 15.Ba3 Be7
16.Qd4 Qc7 17.Rab1 Rfe8 18.Qe3 Nxc5 19.Nd4 Rac8 20.Rfd1 h6 21.Nb5 Qb8 22.Bf3 Bxf3
23.Qxf3 Qb7 24.Qxb7 Nxb7 25.Nxa7 Rxc3 26.Bxe7 Rxe7 27.Nb5 Rc2 28.Ra1 Rb2
29.Rdb1 Rxb1+ 30.Rxb1 Rd7  1/2-1/2

[Event "CECLUB Div2 Gp1"]
[Site "Padron ESP"]
[Date "2011.08.11"]
[Round "3"]
[White "Beade Franco,C"]
[Black "Dziuba,M"]
[Result "0-1"]
[WhiteElo "2194"]
[BlackElo "2593"]

1.Nf3 d5 2.d4 c6 3.c4 e6 4.e3 Nf6 5.Nc3 Nbd7 6.Qc2 Bd6 7.Be2 O-O 8.O-O dxc4
9.Bxc4 b5 10.Be2 Bb7 11.Rd1 Qb8 12.a3 Rc8 13.Bd2 c5 14.Qb1 cxd4 15.exd4 h6
16.h3 a6 17.Rc1 Bc6 18.Qd3 Ra7 19.Be3 Rac7 20.Nd2 Nb6 21.Nde4 Nxe4 22.Nxe4 Rd7
23.Nxd6 Qxd6 24.Qd2 Rdd8 25.Qa5 Bb7 26.Qb4 Qd5 27.Bf3 Qd7 28.Bxb7 Qxb7 29.Rc5 Nd5
30.Qe1 Ra8 31.b4 Nb6 32.Rac1 Rd7 33.Qc3 Nc4 34.a4 Rb8 35.axb5 axb5 36.Ra1 Qe4
37.Ra6 e5 38.dxe5 Rd3 39.Qc1 Rbd8 40.Ra1 Nxe3 41.fxe3 Qxb4 42.Rc8 Qe4 43.Rxd8+ Rxd8
44.Rb1 Qxe5 45.Kh1 Ra8 46.Qc6 Ra1 47.Rxa1 Qxa1+ 48.Kh2 Qe5+ 49.Kh1 b4 50.Qc8+ Kh7
51.Qc4 Qb8 52.Qxf7 b3 53.Qf5+ Kh8 54.Qb1 b2 55.Kg1 Qb3 56.Kf2 Qc3 57.Qe4 Qf6+
58.Ke2 Qb6 59.Qb1 Qb3 60.Kd2 Kg8 61.e4 Kf7 62.e5 Ke7 63.g4 Qxh3 64.e6 Qxg4
65.Qxb2 Qg2+  0-1

[Event "4th Sabadell Open A"]
[Site "Sabadell ESP"]
[Date "2011.08.11"]
[Round "2"]
[White "Almeida Quintana,O"]
[Black "Gomez Jurado,L"]
[Result "1-0"]
[WhiteElo "2548"]
[BlackElo "2353"]

1.d4 d5 2.c4 c6 3.Nf3 Nf6 4.Nc3 e6 5.e3 Nbd7 6.Qc2 Bd6 7.Be2 O-O 8.O-O dxc4
9.Bxc4 a6 10.Rd1 b5 11.Bf1 Qc7 12.Ne4 Nxe4 13.Qxe4 e5 14.Qh4 exd4 15.Qxd4 Be7
16.e4 Bc5 17.Qc3 Qb6 18.Qc2 Re8 19.Bg5 Nf8 20.Rac1 Ne6 21.Bh4 Bf8 22.e5 c5
23.Bd3 h6 24.Bh7+ Kh8 25.Be4 Ra7 26.Qe2 Bb7 27.Bb1 Nf4 28.Qe3 Ng6 29.Bg3 Qe6
30.b4 Bxf3 31.gxf3 Rc7 32.Rd6 Bxd6 33.exd6 Qd7 34.Qxe8+ Qxe8 35.dxc7 c4 36.Bf5  1-0

[Event "e2e4 Int Masters D"]
[Site "Sunningdale ENG"]
[Date "2011.08.11"]
[Round "2"]
[White "Lalic,B"]
[Black "Lock,G"]
[Result "1-0"]
[WhiteElo "2470"]
[BlackElo "2194"]

1.d4 d5 2.c4 c6 3.Nc3 Nf6 4.e3 e6 5.Nf3 Nbd7 6.Bd3 dxc4 7.Bxc4 b5 8.Bd3 b4
9.Ne4 Bb7 10.O-O Be7 11.a3 bxa3 12.Nxf6+ Nxf6 13.b3 O-O 14.Bxa3 Nd7 15.Bxe7 Qxe7
16.Qc2 h6 17.b4 e5 18.Bh7+ Kh8 19.Bf5 exd4 20.Bxd7 Qxd7 21.Nxd4 Rfc8 22.Ra5 Rc7
23.Rc5 a6 24.h3 Rd8 25.Qc3 Qe8 26.f4 f6 27.f5 Re7 28.Ne6 Rd6 29.e4 Bc8 30.e5 fxe5
31.Qxe5 Rd5 32.Rxd5 cxd5 33.f6 Rxe6 34.fxg7+ Kg8 35.Rf8+  1-0

[Event "29th World Junior Girls"]
[Site "Chennai IND"]
[Date "2011.08.12"]
[Round "10.2"]
[White "Girya,O"]
[Black "Mammadova,G"]
[Result "1-0"]
[WhiteElo "2371"]
[BlackElo "2294"]

1.d4 d5 2.c4 c6 3.Nc3 Nf6 4.Nf3 e6 5.e3 Nbd7 6.Bd3 dxc4 7.Bxc4 b5 8.Bd3 Bb7
9.a3 Bd6 10.O-O O-O 11.e4 e5 12.Ne2 Re8 13.Bg5 a6 14.Bc2 exd4 15.Nexd4 Bf8
16.Re1 c5 17.Nf5 Qc7 18.Ng3 Bd6 19.Nf5 Bf8 20.Bxf6 Nxf6 21.e5 Rad8 22.Qb1 Ng4
23.Be4 g6 24.Bxb7 Qxb7 25.h3 Nh6 26.Ng3 Bg7 27.Qc1 c4 28.Qf4 Qc6 29.Ne4 Kh8
30.Rad1 Rxd1 31.Rxd1 Qc7 32.Nf6 Re6 33.Rd7 Qc8 34.Qd2 Bxf6 35.exf6 Ng8 36.Ng5 Rxf6
37.Nxf7+ Kg7 38.Ng5+  1-0

[Event "50th World Juniors"]
[Site "Chennai IND"]
[Date "2011.08.12"]
[Round "10.17"]
[White "Matlakov,M"]
[Black "Valsecchi,A"]
[Result "1-0"]
[WhiteElo "2632"]
[BlackElo "2354"]

1.d4 d5 2.c4 e6 3.Nc3 c6 4.e3 Nf6 5.Nf3 Nbd7 6.Qc2 Bd6 7.Bd3 O-O 8.O-O dxc4
9.Bxc4 b5 10.Bd3 Bb7 11.a3 a5 12.Ng5 c5 13.Nxh7 Bxh2+ 14.Kxh2 Ng4+ 15.Kg3 f5
16.Rh1 Nh6 17.e4 f4+ 18.Bxf4 Rxf4 19.Kxf4 cxd4 20.Nxb5 Rc8 21.Qe2 Rc5 22.Rh5 Qb8+
23.e5 Nxe5 24.Rxe5 Nf7 25.Re1 a4 26.Ng5 Rxe5 27.Qxe5 Nxe5 28.Rxe5 Bxg2 29.Bh7+ Kh8
30.Nd6 g6 31.Rxe6 Qxb2 32.Re8+ Kg7 33.Rg8+ Kf6 34.Rxg6+ Ke7 35.Kg3 Bd5 36.Nf5+ Ke8
37.Rd6 Qxa3+ 38.f3 Bf7 39.Nxf7 Kxf7 40.Rb6  1-0

[Event "50th World Juniors"]
[Site "Chennai IND"]
[Date "2011.08.12"]
[Round "10.10"]
[White "Vidit,S"]
[Black "Huschenbeth,N"]
[Result "1/2-1/2"]
[WhiteElo "2492"]
[BlackElo "2521"]

1.d4 d5 2.c4 c6 3.e3 e6 4.Nc3 Nf6 5.Nf3 Bd6 6.Bd3 O-O 7.O-O Nbd7 8.e4 dxc4
9.Bxc4 e5 10.Bg5 exd4 11.Nxd4 Nb6 12.Be2 h6 13.Be3 Qe7 14.Qc2 Re8 15.Rad1 Bc7
16.f3 Nbd5 17.Bc1 Nxc3 18.bxc3 a6 19.Rfe1 c5 20.Nb3 b6 21.Bc4 Bb7 22.e5 Bxe5
23.f4 Be4 24.Rxe4 Nxe4 25.fxe5 Qxe5 26.Bb2 b5 27.Bd5 Rad8 28.c4 Qf4 29.Bc1 Qh4
30.Rf1 Nf6 31.g3 Qg4 32.Bf3 Qxc4 33.Qxc4 bxc4 34.Nxc5 c3 35.Nxa6 Rd4 36.Nc5 Rc8
37.Be3 Rc4 38.Nb3 Ra4 39.Nc1 Ne4 40.Kg2 Nd2 41.Re1 Rb8 42.Bd1 Re4 43.Bc2 Re7
44.Nd3 Nc4 45.Bc5 Rxe1 46.Nxe1 Rb5 47.Nd3 Nb2 48.a4  1/2-1/2

[Event "RTU Open A"]
[Site "Riga LAT"]
[Date "2011.08.12"]
[Round "6"]
[White "Smorodinskis,I"]
[Black "Klimakovs,S"]
[Result "1/2-1/2"]
[WhiteElo "2364"]
[BlackElo "2231"]

1.d4 d5 2.c4 c6 3.Nf3 Nf6 4.Nc3 e6 5.e3 Nbd7 6.Bd3 dxc4 7.Bxc4 b5 8.Bd3 Bb7
9.O-O a5 10.e4 c5 11.d5 c4 12.Bc2 Qc7 13.dxe6 fxe6 14.Ng5 Nc5 15.e5 Qxe5
16.Re1 Qd6 17.Qxd6 Bxd6 18.Be3 O-O 19.Rad1 Be7 20.Bxc5 Bxc5 21.Nxe6 Rfc8
22.Nxc5 Rxc5 23.f3 Kf8 24.Rd6 Rb8 25.Kf2 Bc6 26.Ree6 b4 27.Ne2 Bb5 28.Nd4 Kf7
29.Nc6 Re8 30.Nd8+ Rxd8 31.Rxf6+ gxf6 32.Rxd8 c3 33.bxc3 bxc3 34.a4 Bxa4
35.Bxa4 c2 36.Bxc2 Rxc2+ 37.Kg3 Ra2  1/2-1/2

[Event "Botvinnik 100th Open"]
[Site "St Petersburg RUS"]
[Date "2011.08.12"]
[Round "1"]
[White "Pankov,Ger"]
[Black "Kuzmin,E"]
[Result "1-0"]
[WhiteElo "2387"]
[BlackElo "2033"]

1.Nf3 d5 2.c4 c6 3.e3 Nf6 4.Nc3 e6 5.d4 Nbd7 6.Qc2 Bd6 7.g4 Nxg4 8.Rg1 Nxh2
9.Nxh2 Bxh2 10.Rxg7 Qh4 11.e4 Bf4 12.cxd5 exd5 13.Bxf4 Qxf4 14.exd5 Qxd4
15.Rg3 Ne5 16.Qe2 Bd7 17.Rd1 Qf4 18.Qe3 Qxe3+ 19.Rxe3 f6 20.f4 O-O-O 21.fxe5 fxe5
22.dxc6 Bxc6 23.Bh3+ Kc7 24.Rxd8 Kxd8 25.Rxe5 Re8 26.Rxe8+ Kxe8 27.Bf5 h6
28.Kf2 Ke7 29.Ne4 Bd5 30.a3 a5 31.Ke3 Kd8 32.Nf6 Bb3 33.Kd4 Kc7 34.Bg6 Be6
35.Ke5 Bb3 36.Ng4 b5 37.Nxh6 Kb6 38.Kd4 Be6 39.Bf5 Bb3 40.Ng4 Bg8 41.Nf6 Bf7
42.Nd7+  1-0

[Event "Botvinnik 100th Open"]
[Site "St Petersburg RUS"]
[Date "2011.08.12"]
[Round "1"]
[White "Lagashin,P"]
[Black "Popov,Val"]
[Result "0-1"]
[WhiteElo "2178"]
[BlackElo "2550"]

1.d4 d5 2.c4 e6 3.Nf3 Nf6 4.Nc3 c6 5.e3 Nbd7 6.Qc2 b6 7.b3 Bb7 8.Bd3 dxc4
9.bxc4 c5 10.d5 exd5 11.cxd5 Nxd5 12.Nxd5 Bxd5 13.Bxh7 g6 14.Bxg6 fxg6 15.Qxg6+ Bf7
16.Qe4+ Be7 17.Bb2 Rh6 18.Rd1 Qc8 19.Rxd7 Kxd7 20.Ne5+ Ke8 21.g4 Bd6 22.g5 Re6
23.Nxf7 Kxf7 24.Qh7+ Ke8 25.g6 Re7 26.g7 Kd7 27.Rg1 Qg8 28.Qf5+ Kc7 29.Qg5 Qxa2
30.Bf6 Bxh2 31.Rg2 Qb1+ 32.Ke2 Qc2+ 33.Kf3 Qd1+  0-1

[Event "XX TCh-MKD"]
[Site "Struga MKD"]
[Date "2011.08.12"]
[Round "5"]
[White "Menkinoski,R"]
[Black "Mitkov,M"]
[Result "1/2-1/2"]
[WhiteElo "2345"]
[BlackElo "2363"]

1.d4 d5 2.c4 c6 3.Nf3 Nf6 4.Nc3 e6 5.e3 Nbd7 6.Bd3 dxc4 7.Bxc4 b5 8.Bd3 Bb7
9.O-O Bd6 10.e4 e5 11.d5 cxd5 12.Nxb5 Bb8 13.exd5 Bxd5 14.Nc3 Bb7 15.Bg5 O-O
16.Bf5 h6 17.Bh4 Nc5 18.Qxd8 Rxd8 19.Bxf6 gxf6  1/2-1/2

[Event "10th Lichtenberger Sommer"]
[Site "Berlin GER"]
[Date "2011.08.13"]
[Round "1.6"]
[White "Junge,Wolfgang"]
[Black "Klundt,K"]
[Result "0-1"]
[WhiteElo "1776"]
[BlackElo "2377"]

1.d4 Nf6 2.c4 c6 3.Nc3 d5 4.Nf3 e6 5.e3 Nbd7 6.Bd2 Bd6 7.Bd3 dxc4 8.Bxc4 a6
9.a4 O-O 10.Qc2 Qe7 11.Ne4 Nxe4 12.Qxe4 c5 13.Qh4 Qxh4 14.Nxh4 cxd4 15.exd4 Nb6
16.Be2 Bd7 17.a5 Nd5 18.O-O Bb5 19.Bxb5 axb5 20.Rfc1 Ra6 21.Nf3 Rfa8 22.g3 f6
23.Ne1 b4 24.Nd3 b6 25.Rc6 bxa5 26.Rxa6 Rxa6 27.b3 Kf7 28.Nb2 Ke7 29.Kf1 Bc7
30.Ke2 e5 31.dxe5 Bxe5 32.Ra2 Bxb2 33.Rxb2 Kd6 34.Ra2 Kc5 35.Rc2+ Kb5 36.Rc8 a4
37.Rd8 axb3 38.Rxd5+ Kc4 39.Rf5 b2 40.Rf4+ Kb3 41.Rxb4+ Ka2 42.h4 h5 43.Be3 b1=Q
44.Rxb1 Kxb1 45.Kf3 Ra4 46.Bf4 Kc2 47.Be3 Kd3 48.Bc1 Ra5 49.Bf4 Rf5 50.g4 hxg4+
51.Kxg4 g6 52.Be3 Ke4 53.Kg3 Rf3+ 54.Kg2 Rxe3  0-1

[Event "10th Lichtenberger Sommer"]
[Site "Berlin GER"]
[Date "2011.08.13"]
[Round "1.49"]
[White "Schulz,Har"]
[Black "Lasschuit,R"]
[Result "1-0"]
[WhiteElo "2098"]
[BlackElo "1862"]

1.d4 d5 2.c4 e6 3.Nc3 c6 4.e3 Nf6 5.Nf3 Bd6 6.Bd3 O-O 7.O-O Nbd7 8.e4 dxc4
9.Bxc4 e5 10.Bg5 Qe7 11.d5 Nb6 12.Bb3 cxd5 13.Bxd5 Bb4 14.Qb3 Bxc3 15.Qxc3 Re8
16.Rfd1 Nbxd5 17.exd5 Qd6 18.Bxf6 gxf6 19.Rac1 Bg4 20.h3 Rac8 21.Qb3 Rxc1
22.Rxc1 Bxf3 23.Qxf3 Rd8 24.Rd1 Qb4 25.Qxf6 Qd6 26.Qf5 f6 27.Rd3 Kh8 28.h4 Rf8
29.h5 Qc5 30.d6 Qc1+ 31.Kh2 Qf4+ 32.Qxf4 exf4 33.Kh3 Kg7 34.d7 Rd8 35.Kg4 Kf7
36.Kxf4 Ke6 37.g4 Kf7 38.Kf5  1-0

[Event "10th Lichtenberger Sommer"]
[Site "Berlin GER"]
[Date "2011.08.13"]
[Round "1.88"]
[White "Winz,M"]
[Black "Gebert,R"]
[Result "0-1"]
[WhiteElo "1684"]
[BlackElo "2039"]

1.d4 d5 2.Nf3 Nf6 3.c4 c6 4.e3 e6 5.Nc3 a6 6.Bd3 Nbd7 7.O-O dxc4 8.Bxc4 b5
9.Bd3 c5 10.dxc5 Bxc5 11.a3 Bb7 12.b4 Be7 13.Bb2 O-O 14.Rc1 Rc8 15.Re1 Re8
16.Qe2 Qb6 17.h3 Qd6 18.Red1 Qb8 19.Bb1 Nf8 20.Nh2 Qa8 21.Nf3 Ng6 22.Rd2 Bxf3
23.Qxf3 Qxf3 24.gxf3 Nh4 25.Kf1 Nxf3 26.Rdc2 Rcd8 27.Kg2 Nh4+ 28.Kf1 Nf5
29.Ne2 Ne4 30.Nd4 Bh4 31.Nxf5 exf5 32.Kg2 Rd6 33.Rc8 Rdd8 34.R8c2 h6 35.Kf3 Nd2+
36.Ke2 Nxb1 37.Rxb1 f4 38.Bd4 Rxd4 39.Kf3 fxe3 40.fxe3 Rd3 41.Kg4 Re4+ 42.Kf5 Rdxe3
43.Rc6 g6+ 44.Rxg6+ fxg6+ 45.Kxg6 Re6+ 46.Kh5 R3e4 47.Rg1+ Kh7 48.Rg4 Bd8
49.Rxe4 Rxe4  0-1

[Event "20th ZMDI Open A"]
[Site "Dresden GER"]
[Date "2011.08.13"]
[Round "8.10"]
[White "Shankland,S"]
[Black "Strunski,A"]
[Result "1-0"]
[WhiteElo "2539"]
[BlackElo "2352"]

1.c4 Nf6 2.Nc3 c6 3.d4 d5 4.e3 e6 5.Nf3 Nbd7 6.Qc2 Bd6 7.b3 O-O 8.Be2 b6
9.O-O Bb7 10.Bb2 Re8 11.Rad1 Qe7 12.Rfe1 Rad8 13.Bd3 e5 14.cxd5 cxd5 15.e4 dxe4
16.Nxe4 Nxe4 17.Bxe4 Bxe4 18.Qxe4 Nf6 19.Qf5 e4 20.d5 Qd7 21.Nh4 Be5 22.Bxe5 Qxf5
23.Nxf5 Rxe5 24.Ne3 Ne8 25.Rd4 f5 26.Red1 Nd6 27.g3 g5 28.Rc1 h5 29.Rc6 b5
30.Ng2 Kf7 31.h4 gxh4 32.Nxh4 Kf6 33.Ng2 Ree8 34.Rd1 Ke5 35.Kf1 Rd7 36.Nf4 Rc8
37.Ke2 b4 38.Ke3 a5 39.Nxh5 a4 40.Nf4 axb3 41.axb3 Ra8 42.Rd4 Rdd8 43.Rc7 Kf6
44.Rh7 Rh8 45.Rxh8 Rxh8 46.Rxb4 Rh2 47.Ra4 Rh1 48.Kd4 Nb5+ 49.Kc5 Nc7 50.Kc6 Ne8
51.d6 Rd1 52.Nd5+ Ke5 53.d7  1-0

[Event "20th ZMDI Open A"]
[Site "Dresden GER"]
[Date "2011.08.13"]
[Round "8.3"]
[White "Kempinski,R"]
[Black "Szabo,Krisz1"]
[Result "1/2-1/2"]
[WhiteElo "2600"]
[BlackElo "2542"]

1.d4 Nf6 2.c4 e6 3.Nf3 d5 4.Nc3 c6 5.e3 Nbd7 6.Qc2 Bd6 7.b3 O-O 8.Bd3 e5
9.cxd5 cxd5 10.Nb5 Bb4+ 11.Bd2 Bxd2+ 12.Nxd2 a6 13.dxe5 Nxe5 14.Nd4 Bh3 15.O-O Rc8
16.Qb1 Bd7 17.Be2 Bg4 18.Bxg4 Nexg4 19.Qf5 Qc7 20.N2f3 Rfe8 21.h3 Ne5 22.Nxe5 Rxe5
23.Qf4 Ree8 24.Qxc7 Rxc7 25.Rfc1 Rec8 26.Rxc7 Rxc7 27.f3 Kf8 28.Kf2 g6 29.g4 Ke7
30.Ke2 Nd7 31.h4 Nc5 32.Rc1 Kd6 33.g5 Ne6 34.Rxc7 Kxc7 35.Kd3 Kd6 36.b4 b6
37.f4 Nf8 38.Nf3 Nd7 39.Kd4 f5 40.Kd3 Nb8 41.a4 Nc6 42.Kc3 Ke6 43.b5 axb5
44.axb5 Ne7 45.Nd4+ Kd6 46.Kb4 Kd7 47.Ne2 Ke6  1/2-1/2

[Event "24th Panevezys Open"]
[Site "Panevezys LTU"]
[Date "2011.08.13"]
[Round "6.10"]
[White "Kudzma,L"]
[Black "Vanagaite,G"]
[Result "1-0"]
[WhiteElo "2187"]
[BlackElo "1942"]

1.d4 d5 2.c4 c6 3.Nc3 Nf6 4.e3 e6 5.Nf3 Nbd7 6.Qc2 Bd6 7.e4 dxe4 8.Nxe4 Nxe4
9.Qxe4 Bb4+ 10.Bd2 Bxd2+ 11.Nxd2 Nf6 12.Qe3 O-O 13.Be2 Qb6 14.Qc3 c5 15.dxc5 Qxc5
16.Bf3 Qg5 17.O-O Rb8 18.Rfe1 b6 19.Ne4 Nxe4 20.Rxe4 Qe7 21.Rd1 Bb7 22.Red4 Bxf3
23.Qxf3 Rfd8 24.Qd3 Rxd4 25.Qxd4 f6 26.Qd7 Kf7 27.g3 a5 28.Rd4 e5 29.Rd6 h6
30.Qc6 Rb7 31.Qd5+ Kg6 32.Re6 Qc7 33.h4 Rb8 34.Rd6 Rb7 35.b3 Qe7 36.Re6 Qc7
37.a3 Kh7 38.Re8 Qd7 39.Qe4+ g6 40.h5 f5 41.hxg6+ Kxg6 42.Qxe5 Qf7 43.Re6+ Kh7
44.Rf6 Qd7 45.Qf4 Qd1+ 46.Kg2 Qh5 47.Rxf5 Qg6 48.Rf6  1-0

[Event "XX TCh-MKD"]
[Site "Struga MKD"]
[Date "2011.08.13"]
[Round "6"]
[White "Bogdanovski,V"]
[Black "Milosiev,T"]
[Result "1-0"]
[WhiteElo "2411"]
[BlackElo "2223"]

1.d4 d5 2.c4 c6 3.Nc3 Nf6 4.e3 e6 5.Nf3 Nbd7 6.Bd3 Be7 7.O-O O-O 8.b3 b6
9.Bb2 Bb7 10.Rc1 dxc4 11.bxc4 c5 12.d5 exd5 13.cxd5 Nxd5 14.Nxd5 Bxd5 15.Bxh7+ Kxh7
16.Qxd5 Bf6 17.Bxf6 Nxf6 18.Qf5+ Kg8 19.Rfd1 Qe7 20.Ng5 Rad8 21.e4 g6 22.Qf4 Rxd1+
23.Rxd1 Rd8 24.Rxd8+ Qxd8 25.h3 Qe7 26.e5 Nh5 27.Qe3 c4 28.e6 fxe6 29.h4 Nf6
30.Qe5 Nh7 31.Ne4 Qd7 32.Qg3 Kg7 33.Qc3+ Kf7 34.Qxc4 Ke7 35.Qc3 Kd8 36.Qh8+ Kc7
37.Qg8 g5 38.hxg5 Qd1+ 39.Kh2 Qh5+ 40.Kg3  1-0

[Event "CECLUB Div2 Gp2"]
[Site "Totana ESP"]
[Date "2011.08.13"]
[Round "5"]
[White "Ivanov,Jo"]
[Black "Vazquez Igarza,R"]
[Result "0-1"]
[WhiteElo "2398"]
[BlackElo "2561"]

1.d4 d5 2.c4 e6 3.Nc3 c6 4.e3 Nf6 5.Nf3 Nbd7 6.Qc2 Bd6 7.b3 O-O 8.Bb2 e5
9.dxe5 Nxe5 10.O-O-O Qe7 11.Nxe5 Bxe5 12.cxd5 cxd5 13.Nxd5 Bxb2+ 14.Kxb2 Nxd5
15.Rxd5 Qf6+ 16.Rd4 Bf5 17.Qc3 Rac8 18.Rc4 Qg6 19.g4 Be6 20.Bd3 Rxc4 21.Bxc4 Bxc4
22.Qxc4 Qf6+ 23.Qd4 Qxf2+ 24.Kb1 Rc8 25.Qxa7 h5 26.gxh5 Qc2+ 27.Ka1 Qc3+
28.Kb1 Qd3+ 29.Ka1 Qd2 30.Qd4 Rc1+  0-1

[Event "50th World Juniors"]
[Site "Chennai IND"]
[Date "2011.08.14"]
[Round "12.4"]
[White "Adhiban,B"]
[Black "Grover,S"]
[Result "0-1"]
[WhiteElo "2542"]
[BlackElo "2496"]

1.d4 d5 2.c4 c6 3.Nc3 Nf6 4.e3 e6 5.Nf3 Nbd7 6.Qc2 Bd6 7.g4 h6 8.Rg1 Qe7
9.h4 g5 10.hxg5 hxg5 11.Nxg5 e5 12.Nf3 e4 13.Nd2 Rg8 14.g5 Qe6 15.cxd5 cxd5
16.Nb5 Nb6 17.b3 Bb8 18.Ba3 Bd7 19.Qc5 Bc6 20.Bh3 Nbd7 21.Nd6+ Qxd6 22.Qxd6 Bxd6
23.Bxd6 Nf8 24.Rg2 Rh8 25.Rh2 N6h7 26.f4 exf3 27.Nxf3 Bd7 28.Bxd7+ Kxd7 29.Bxf8 Raxf8
30.Ne5+ Ke7 31.Rc1 Nxg5 32.Rc7+ Ke6 33.Rg2 Ne4 34.Rxb7 Rc8 35.Kf1 Rh1+ 36.Ke2 Rc2+  0-1

[Event "20th ZMDI Open A"]
[Site "Dresden GER"]
[Date "2011.08.14"]
[Round "9.14"]
[White "Strunski,A"]
[Black "Wichmann,C"]
[Result "0-1"]
[WhiteElo "2352"]
[BlackElo "2360"]

1.d4 d5 2.c4 c6 3.Nc3 Nf6 4.e3 e6 5.Nf3 Bd6 6.Bd3 Nbd7 7.O-O O-O 8.e4 dxc4
9.Bxc4 e5 10.Bb3 Qc7 11.dxe5 Nxe5 12.h3 b6 13.Bg5 Ba6 14.Re1 Rad8 15.Bxf6 gxf6
16.Nxe5 Bxe5 17.Qh5 Rd2 18.Rac1 Bh2+ 19.Kh1 Rxf2 20.e5 Bxe5 21.Nd5 Qd7 22.Rxc6 Kg7
23.Qh4 Bb7 24.Qxf2 Qxc6 25.Qh4 Kh8 26.Rxe5 fxe5 27.Qe7 Rg8 28.Qxf7 Qg6 29.Qf3 Bxd5
30.Qxd5 Re8 31.Qd7 Rf8 32.Qc7 Qg5 33.Kg1 Qe3+ 34.Kh2 Qf4+ 35.Kg1 e4 36.Qc3+ Qf6
37.Qe3 Qf1+ 38.Kh2 Qf4+ 39.Qxf4 Rxf4 40.Kg3 e3 41.Bd1 Rf2 42.a4 Kg7  0-1

[Event "20th ZMDI Open A"]
[Site "Dresden GER"]
[Date "2011.08.14"]
[Round "9.5"]
[White "Shankland,S"]
[Black "Jaracz,P"]
[Result "1-0"]
[WhiteElo "2539"]
[BlackElo "2575"]

1.d4 d5 2.c4 c6 3.Nc3 Nf6 4.e3 e6 5.Nf3 Nbd7 6.Bd3 dxc4 7.Bxc4 b5 8.Bd3 Bd6
9.Bd2 Bb7 10.Rc1 Rc8 11.Ng5 Qb6 12.O-O h6 13.Nge4 Be7 14.b4 Nd5 15.a3 O-O
16.Qf3 a5 17.bxa5 Qa7 18.Nxd5 cxd5 19.Nc3 Qxa5 20.Bxb5 Nf6 21.Nxd5 Qxb5 22.Nxe7+ Kh7
23.Rb1 Bxf3 24.Rxb5 Be2 25.Nxc8 Bxb5 26.Rc1  1-0

[Event "SS Manhem GM"]
[Site "Gothenburg SWE"]
[Date "2011.08.14"]
[Round "2"]
[White "Hammer,J"]
[Black "Hansen,SuB"]
[Result "1-0"]
[WhiteElo "2610"]
[BlackElo "2574"]

1.d4 d5 2.c4 c6 3.Nf3 Nf6 4.Nc3 e6 5.e3 Nbd7 6.Qc2 b6 7.Bd3 Bb7 8.O-O Be7
9.b3 dxc4 10.bxc4 c5 11.d5 exd5 12.cxd5 Nxd5 13.Nxd5 Bxd5 14.Rd1 Bxf3 15.gxf3 Qc7
16.Bb5 Rd8 17.Qe4 Kf8 18.Bb2 Nf6 19.Qa4 h5 20.Rxd8+ Bxd8 21.Rd1 Rh6 22.Bxf6 Bxf6
23.Qe4 Qc8 24.Rd7 Kg8 25.Rxa7 Rg6+ 26.Kf1  1-0

[Event "27th Faaker See Open"]
[Site "Latschach AUT"]
[Date "2011.08.14"]
[Round "3"]
[White "Mladenov,P"]
[Black "Cosan,Gokmen"]
[Result "1-0"]
[WhiteElo "2391"]
[BlackElo "1896"]

1.d4 d5 2.Nf3 Nf6 3.c4 c6 4.e3 e6 5.Nc3 Bd6 6.Qc2 O-O 7.Bd3 dxc4 8.Bxc4 b5
9.Bd3 a6 10.e4 Bb4 11.e5 Ne8 12.Bxh7+ Kh8 13.Bd3 Bb7 14.Qe2 c5 15.Ng5 g6
16.Qg4 Ng7 17.Qh4+ Nh5 18.Nxf7+ Rxf7 19.Qxd8+ Kg7 20.Qg5  1-0

[Event "Metalmex Open"]
[Site "Liberec CZE"]
[Date "2011.08.14"]
[Round "2"]
[White "Blahacek,E"]
[Black "Marsalek,Z"]
[Result "1/2-1/2"]
[WhiteElo "1991"]
[BlackElo "2266"]

1.c4 e6 2.Nc3 d5 3.d4 Nf6 4.Nf3 c6 5.e3 Nbd7 6.Bd3 Bd6 7.O-O O-O 8.e4 dxc4
9.Bxc4 e5 10.d5 Qe7 11.Qe2 a5 12.dxc6 bxc6 13.Rd1 Nc5 14.b3 Ne6 15.h3 Re8
16.Bxe6 Qxe6 17.Na4 Ba6 18.Qc2 Bb5 19.Nb6 Rab8 20.Ng5 Qe7 21.Nc4 Bb4 22.a3 Bxc4
23.axb4 Be6 24.Nxe6 Qxe6 25.bxa5 Rxb3 26.Be3 Rbb8 27.f3 Ra8 28.Rdc1 Ra6 29.Bb6 Nd7
30.Rab1 Rc8 31.Qd3 Raa8 32.Rd1 Nb8 33.Rbc1 h6 34.Qc4 Qxc4 35.Rxc4 Kf8 36.Rc3 Ke8
37.Kf2 c5 38.Rd5 Nd7 39.Rcd3 c4 40.Rd1 c3 41.Rc1 Rc6 42.Ke3 f6 43.Rb5 Rb8
44.Kd3 Nxb6 45.axb6 Rbxb6 46.Rxb6 Rxb6 47.Rxc3 Rb2 48.Rc2  1/2-1/2